| 000 | 00348nam a22001337a 4500 | ||
|---|---|---|---|
| 082 |
_a344.549104233 _bMAH |
||
| 100 | _aMahmood, M. | ||
| 245 |
_aControl of Narcotics Substance Act, 1997 / _cM. Mahmood |
||
| 250 | _a2nd ed. | ||
| 260 |
_aLahore : _bAl-Qanoon Publishers, _c2018. |
||
| 300 |
_a823 p. ; _c24 cm. |
||
| 563 | _aHBK. | ||
| 942 |
_2ddc _cBK |
||
| 999 |
_c592411 _d592411 |
||